=LDR 00000nam 2200000 4500 =001 INLIS000000000006286 =005 20251106104447 =035 ##$$a 0010-1125000160 =007 ta =008 251106###########################0#ind## =082 ##$$a 363.96 =084 ##$$a 363.96 YAY p =245 1#$$a Program Asuransi Keluarga Berencana Mandiri (ASKABI) : $b - /$c Yayasan Dharmabakti Putera Indonesia =260 ##$$a Jakarta :$b Yayasan Dharmabakti Putera Indonesia =300 ##$$a 6 hal : $b - ; $c 21 cm =650 #4$$a Keluarga Berencana =110 #$$a Yayasan Dharmabakti Putera Indonesia =856 ##$$a Perpustakaan Kemendukbangga